<?xml version="1.0" encoding="UTF-8"?>
<record
    xmlns:xsi="http://www.w3.org/2001/XMLSchema-instance"
    xsi:schemaLocation="http://www.loc.gov/MARC21/slim http://www.loc.gov/standards/marcxml/schema/MARC21slim.xsd"
    xmlns="http://www.loc.gov/MARC21/slim">

  <leader>05853namaa22004331i 4500</leader>
  <controlfield tag="003">EG-GICUC</controlfield>
  <controlfield tag="005">20260502202251.0</controlfield>
  <controlfield tag="008">260502s2025    ua a|||frm||| 000 0 eng d</controlfield>
  <datafield tag="040" ind1=" " ind2=" ">
    <subfield code="a">EG-GICUC</subfield>
    <subfield code="b">eng</subfield>
    <subfield code="c">EG-GICUC</subfield>
    <subfield code="d">EG-GICUC</subfield>
    <subfield code="e">rda</subfield>
  </datafield>
  <datafield tag="041" ind1="0" ind2=" ">
    <subfield code="a">eng</subfield>
    <subfield code="b">eng</subfield>
    <subfield code="b">ara</subfield>
  </datafield>
  <datafield tag="049" ind1=" " ind2=" ">
    <subfield code="a">Deposit</subfield>
  </datafield>
  <datafield tag="082" ind1="0" ind2="4">
    <subfield code="a">519.24</subfield>
  </datafield>
  <datafield tag="092" ind1=" " ind2=" ">
    <subfield code="a">519.24</subfield>
    <subfield code="2">21</subfield>
  </datafield>
  <datafield tag="097" ind1=" " ind2=" ">
    <subfield code="a">Ph.D</subfield>
  </datafield>
  <datafield tag="099" ind1=" " ind2=" ">
    <subfield code="a">Cai01.18.03.Ph.D.2025.Mo.G</subfield>
  </datafield>
  <datafield tag="100" ind1="0" ind2=" ">
    <subfield code="a">Mohamed Bahaaeldin Moemen Abdelmaaboud,</subfield>
    <subfield code="e">preparation.</subfield>
  </datafield>
  <datafield tag="245" ind1="1" ind2="0">
    <subfield code="a">Generalized order  statistics  for  some families of  distributions and its characterization /</subfield>
    <subfield code="c">by Mohamed Bahaaeldin Moemen Abdelmaaboud ; Supervised Prof. Ali Ahmed Abdulrahman, Prof. Ibrahim Baghdadi. Abdul-Moniem. </subfield>
  </datafield>
  <datafield tag="246" ind1="1" ind2="5">
    <subfield code="a">&#x627;&#x644;&#x625;&#x62D;&#x635;&#x627;&#x621;&#x627;&#x62A; &#x627;&#x644;&#x62A;&#x631;&#x62A;&#x64A;&#x628;&#x64A;&#x629; &#x627;&#x644;&#x645;&#x639;&#x645;&#x645;&#x629; &#x644;&#x628;&#x639;&#x636; &#x639;&#x627;&#x626;&#x644;&#x627;&#x62A; &#x627;&#x644;&#x62A;&#x648;&#x632;&#x64A;&#x639;&#x627;&#x62A; &#x648;&#x627;&#x644;&#x62F;&#x627;&#x644;&#x629; &#x627;&#x644;&#x645;&#x645;&#x64A;&#x632;&#x629; &#x644;&#x647;&#x627;</subfield>
  </datafield>
  <datafield tag="264" ind1=" " ind2="0">
    <subfield code="c">2025.</subfield>
  </datafield>
  <datafield tag="300" ind1=" " ind2=" ">
    <subfield code="a">137 Leaves : </subfield>
    <subfield code="b">illustrations ; </subfield>
    <subfield code="c">30 cm. + </subfield>
    <subfield code="e">CD.</subfield>
  </datafield>
  <datafield tag="336" ind1=" " ind2=" ">
    <subfield code="a">text</subfield>
    <subfield code="2">rda content</subfield>
  </datafield>
  <datafield tag="337" ind1=" " ind2=" ">
    <subfield code="a">Unmediated</subfield>
    <subfield code="2">rdamedia</subfield>
  </datafield>
  <datafield tag="338" ind1=" " ind2=" ">
    <subfield code="a">volume</subfield>
    <subfield code="2">rdacarrier</subfield>
  </datafield>
  <datafield tag="502" ind1=" " ind2=" ">
    <subfield code="a">Thesis (M.Sc)-Cairo University, 2025.</subfield>
  </datafield>
  <datafield tag="504" ind1=" " ind2=" ">
    <subfield code="a">Bibliography: pages 94-97.</subfield>
  </datafield>
  <datafield tag="520" ind1=" " ind2="3">
    <subfield code="a"> Generalized Order Statistics )GOS) represent a modern and extended 
framework of classical order statistics, offering a flexible and unified 
approach to modeling ordered data beyond simple ascending or descending 
arrangements. Unlike classical order statistics which rank observations 
purely by size GOS allow for more complex selection schemes that 
incorporate biased, truncated, or non-standard distributions. 
Kamps (1995) introduced GOS as a unified structure that encompasses 
major models such as ordinary order statistics, record values, and reversed 
order statistics. This unified perspective has enabled more precise 
analytical tools for studying distributional properties and expanding 
applications across industrial statistics, reliability analysis, and survival 
studies. 
 Several foundational works have strengthened the theoretical basis of 
GOS. Kamps and Gather (1997) developed statistical discrimination tools 
using GOS, while Keseling (1999) addressed general properties of ranked 
distributions. Cramer and Kamps (2000) advanced distributional 
characterization through GOS, and Ahsanullah (2000) contributed 
extensively to the theory of record values. Additional significant 
contributions from Ahmad (2007), Ahmad &amp; Fawzy (2003), Khan et al. 
(2007), Kumar (2011), and Abdul-Moniem (2014, 2019, 2022) provided 
practical mathematical models for deriving moments and characterizing 
distributions using the GOS framework. 
 This thesis aims to broaden the use of GOS by developing new 
recurrence relations for single and joint moments derived from weighted 
distributions, thereby enhancing the understanding and characterization of 
complex statistical models. The thesis consists of five chapters, along with 
Arabic and English summaries and a comprehensive reference list. </subfield>
  </datafield>
  <datafield tag="520" ind1=" " ind2="3">
    <subfield code="a">		&#x62A;&#x645; &#x641;&#x64A; &#x647;&#x630;&#x647; &#x627;&#x644;&#x631;&#x633;&#x627;&#x644;&#x629; &#x62F;&#x631;&#x627;&#x633;&#x629; &#x627;&#x644;&#x625;&#x62D;&#x635;&#x627;&#x621;&#x627;&#x62A; &#x627;&#x644;&#x62A;&#x631;&#x62A;&#x64A;&#x628;&#x64A;&#x629; &#x627;&#x644;&#x645;&#x639;&#x645;&#x645;&#x629; &#x627;&#x644;&#x645;&#x633;&#x62A;&#x645;&#x62F;&#x629; &#x645;&#x646; &#x628;&#x639;&#x636; &#x641;&#x626;&#x627;&#x62A; &#x62A;&#x648;&#x632;&#x64A;&#x639;&#x627;&#x62A; &#x627;&#x644;&#x623;&#x639;&#x645;&#x627;&#x631; &#x627;&#x644;&#x645;&#x648;&#x632;&#x648;&#x646;&#x629;. &#x648;&#x62A;&#x631;&#x643;&#x651;&#x632;&#x62A; &#x627;&#x644;&#x62F;&#x631;&#x627;&#x633;&#x629; &#x639;&#x644;&#x649; &#x627;&#x634;&#x62A;&#x642;&#x627;&#x642; &#x639;&#x644;&#x627;&#x642;&#x627;&#x62A; &#x62A;&#x643;&#x631;&#x627;&#x631;&#x64A;&#x629; &#x644;&#x644;&#x639;&#x632;&#x648;&#x645; &#x627;&#x644;&#x641;&#x631;&#x62F;&#x64A;&#x629; &#x648;&#x627;&#x644;&#x639;&#x632;&#x648;&#x645; &#x627;&#x644;&#x645;&#x631;&#x643;&#x628;&#x629; &#x644;&#x644;&#x625;&#x62D;&#x635;&#x627;&#x621;&#x627;&#x62A; &#x627;&#x644;&#x62A;&#x631;&#x62A;&#x64A;&#x628;&#x64A;&#x629; &#x627;&#x644;&#x645;&#x639;&#x645;&#x645;&#x629;&#x60C; &#x628;&#x647;&#x62F;&#x641; &#x62A;&#x628;&#x633;&#x64A;&#x637; &#x627;&#x644;&#x645;&#x639;&#x627;&#x644;&#x62C;&#x629; &#x627;&#x644;&#x631;&#x64A;&#x627;&#x636;&#x64A;&#x629; &#x648;&#x62A;&#x642;&#x644;&#x64A;&#x644; &#x627;&#x644;&#x62C;&#x647;&#x62F; &#x627;&#x644;&#x62D;&#x633;&#x627;&#x628;&#x64A; &#x627;&#x644;&#x645;&#x631;&#x62A;&#x628;&#x637; &#x628;&#x62D;&#x633;&#x627;&#x628; &#x647;&#x630;&#x647; &#x627;&#x644;&#x639;&#x632;&#x648;&#x645; &#x628;&#x637;&#x631;&#x642; &#x645;&#x628;&#x627;&#x634;&#x631;&#x629;. &#x648;&#x642;&#x62F; &#x637;&#x64F;&#x628;&#x650;&#x651;&#x642;&#x62A; &#x627;&#x644;&#x639;&#x644;&#x627;&#x642;&#x627;&#x62A; &#x627;&#x644;&#x62A;&#x643;&#x631;&#x627;&#x631;&#x64A;&#x629; &#x627;&#x644;&#x645;&#x633;&#x62A;&#x646;&#x62A;&#x62C;&#x629; &#x639;&#x644;&#x649; &#x639;&#x62F;&#x62F; &#x645;&#x646; &#x62A;&#x648;&#x632;&#x64A;&#x639;&#x627;&#x62A; &#x627;&#x644;&#x623;&#x639;&#x645;&#x627;&#x631; &#x627;&#x644;&#x645;&#x647;&#x645;&#x629;&#x60C; &#x645;&#x646; &#x628;&#x64A;&#x646;&#x647;&#x627; &#x627;&#x644;&#x62A;&#x648;&#x632;&#x64A;&#x639; &#x627;&#x644;&#x623;&#x633;&#x64A; &#x627;&#x644;&#x645;&#x646;&#x62D;&#x627;&#x632; &#x628;&#x627;&#x644;&#x637;&#x648;&#x644;Length-biased Exponential Distribution&#x60C; &#x648;&#x62A;&#x648;&#x632;&#x64A;&#x639; &#x631;&#x627;&#x64A;&#x644;&#x64A; &#x627;&#x644;&#x645;&#x646;&#x62D;&#x627;&#x632; &#x628;&#x627;&#x644;&#x645;&#x633;&#x627;&#x62D;&#x629;Area-biased Rayleigh Distribution&#x60C; &#x648;&#x62A;&#x648;&#x632;&#x64A;&#x639; &#x648;&#x627;&#x64A;&#x628;&#x648;&#x644; &#x627;&#x644;&#x645;&#x648;&#x632;&#x648;&#x646;Weighted Weibull Distribution&#x60C; &#x628;&#x627;&#x644;&#x625;&#x636;&#x627;&#x641;&#x629; &#x625;&#x644;&#x649; &#x641;&#x626;&#x629; &#x639;&#x627;&#x645;&#x629; &#x62A;&#x64F;&#x639;&#x631;&#x641; &#x628;&#x639;&#x627;&#x626;&#x644;&#x629; &#x62A;&#x648;&#x632;&#x64A;&#x639;&#x627;&#x62A; &#x627;&#x644;&#x623;&#x639;&#x645;&#x627;&#x631; &#x627;&#x644;&#x645;&#x648;&#x632;&#x648;&#x646;&#x629;Weighted Family of Life Distribution.
&#x643;&#x645;&#x627; &#x62A;&#x645; &#x627;&#x634;&#x62A;&#x642;&#x627;&#x642; &#x635;&#x64A;&#x63A; &#x62A;&#x62D;&#x644;&#x64A;&#x644;&#x64A;&#x629; &#x644;&#x639;&#x632;&#x648;&#x645; L&#x648;&#x639;&#x632;&#x648;&#x645; L&#x627;&#x644;&#x645;&#x642;&#x62A;&#x637;&#x639;&#x629;&#x60C; &#x628;&#x627;&#x639;&#x62A;&#x628;&#x627;&#x631;&#x647;&#x627; &#x645;&#x642;&#x627;&#x64A;&#x64A;&#x633; &#x625;&#x62D;&#x635;&#x627;&#x626;&#x64A;&#x629; &#x62D;&#x635;&#x64A;&#x646;&#x629; &#x644;&#x648;&#x635;&#x641; &#x62E;&#x635;&#x627;&#x626;&#x635; &#x627;&#x644;&#x62A;&#x648;&#x632;&#x64A;&#x639;&#x627;&#x62A; &#x645;&#x646; &#x62D;&#x64A;&#x62B; &#x627;&#x644;&#x634;&#x643;&#x644; &#x648;&#x627;&#x644;&#x62A;&#x628;&#x627;&#x64A;&#x646;&#x60C; &#x62E;&#x627;&#x635;&#x629; &#x641;&#x64A; &#x648;&#x62C;&#x648;&#x62F; &#x627;&#x644;&#x642;&#x64A;&#x645; &#x627;&#x644;&#x645;&#x62A;&#x637;&#x631;&#x641;&#x629; &#x623;&#x648; &#x627;&#x644;&#x627;&#x646;&#x62D;&#x631;&#x627;&#x641; &#x641;&#x64A; &#x627;&#x644;&#x628;&#x64A;&#x627;&#x646;&#x627;&#x62A;. &#x648;&#x625;&#x644;&#x649; &#x62C;&#x627;&#x646;&#x628; &#x627;&#x644;&#x625;&#x633;&#x647;&#x627;&#x645;&#x627;&#x62A; &#x627;&#x644;&#x646;&#x638;&#x631;&#x64A;&#x629;&#x60C; &#x623;&#x64F;&#x62C;&#x631;&#x64A;&#x62A; &#x628;&#x639;&#x636; &#x627;&#x644;&#x62D;&#x633;&#x627;&#x628;&#x627;&#x62A; &#x627;&#x644;&#x639;&#x62F;&#x62F;&#x64A;&#x629; &#x627;&#x644;&#x645;&#x62E;&#x62A;&#x627;&#x631;&#x629; &#x644;&#x645;&#x62A;&#x648;&#x633;&#x637;&#x627;&#x62A; &#x648;&#x62A;&#x628;&#x627;&#x64A;&#x646;&#x627;&#x62A; &#x627;&#x644;&#x625;&#x62D;&#x635;&#x627;&#x621;&#x627;&#x62A; &#x627;&#x644;&#x62A;&#x631;&#x62A;&#x64A;&#x628;&#x64A;&#x629; &#x627;&#x644;&#x645;&#x639;&#x645;&#x645;&#x629; &#x644;&#x644;&#x62A;&#x62D;&#x642;&#x642; &#x645;&#x646; &#x635;&#x62D;&#x629; &#x627;&#x644;&#x639;&#x644;&#x627;&#x642;&#x627;&#x62A; &#x627;&#x644;&#x62A;&#x643;&#x631;&#x627;&#x631;&#x64A;&#x629; &#x627;&#x644;&#x645;&#x633;&#x62A;&#x646;&#x62A;&#x62C;&#x629; &#x648;&#x625;&#x628;&#x631;&#x627;&#x632; &#x642;&#x627;&#x628;&#x644;&#x64A;&#x62A;&#x647;&#x627; &#x644;&#x644;&#x62A;&#x637;&#x628;&#x64A;&#x642; &#x627;&#x644;&#x639;&#x645;&#x644;&#x64A;. &#x648;&#x62A;&#x624;&#x643;&#x62F; &#x627;&#x644;&#x646;&#x62A;&#x627;&#x626;&#x62C; &#x627;&#x644;&#x645;&#x62A;&#x62D;&#x635;&#x644; &#x639;&#x644;&#x64A;&#x647;&#x627; &#x641;&#x627;&#x639;&#x644;&#x64A;&#x629; &#x627;&#x644;&#x625;&#x637;&#x627;&#x631; &#x627;&#x644;&#x646;&#x638;&#x631;&#x64A; &#x627;&#x644;&#x645;&#x642;&#x62A;&#x631;&#x62D; &#x648;&#x623;&#x647;&#x645;&#x64A;&#x62A;&#x647; &#x641;&#x64A; &#x62A;&#x637;&#x628;&#x64A;&#x642;&#x627;&#x62A; &#x62A;&#x62D;&#x644;&#x64A;&#x644; &#x627;&#x644;&#x627;&#x639;&#x62A;&#x645;&#x627;&#x62F;&#x64A;&#x629; &#x648;&#x646;&#x645;&#x630;&#x62C;&#x629; &#x627;&#x644;&#x628;&#x642;&#x627;&#x621; &#x648;&#x62A;&#x62D;&#x644;&#x64A;&#x644; &#x628;&#x64A;&#x627;&#x646;&#x627;&#x62A; &#x627;&#x644;&#x623;&#x639;&#x645;&#x627;&#x631;.</subfield>
  </datafield>
  <datafield tag="530" ind1=" " ind2=" ">
    <subfield code="a">Issues also as CD.</subfield>
  </datafield>
  <datafield tag="546" ind1=" " ind2=" ">
    <subfield code="a">Text in English and abstract in Arabic &amp; English.</subfield>
  </datafield>
  <datafield tag="650" ind1=" " ind2="0">
    <subfield code="a">Exponential families (Statistics)</subfield>
  </datafield>
  <datafield tag="650" ind1=" " ind2="0">
    <subfield code="a">&#x639;&#x627;&#x626;&#x644;&#x627;&#x62A; &#x627;&#x644;&#x62A;&#x648;&#x632;&#x64A;&#x639;&#x627;&#x62A; &#x648;&#x627;&#x644;&#x62F;&#x627;&#x644;&#x629; </subfield>
  </datafield>
  <datafield tag="653" ind1=" " ind2="1">
    <subfield code="a">Generalized Order Statistics </subfield>
    <subfield code="a">Weighted Distributions</subfield>
    <subfield code="a">Recurrence Relations L</subfield>
    <subfield code="a">Characterization</subfield>
    <subfield code="a">Moment</subfield>
    <subfield code="a">&#x627;&#x644;&#x625;&#x62D;&#x635;&#x627;&#x621;&#x627;&#x62A; &#x627;&#x644;&#x62A;&#x631;&#x62A;&#x64A;&#x628;&#x64A;&#x629; &#x627;&#x644;&#x645;&#x639;&#x645;&#x645;&#x629; </subfield>
    <subfield code="a">&#x627;&#x644;&#x62A;&#x648;&#x632;&#x64A;&#x639;&#x627;&#x62A; &#x627;&#x644;&#x645;&#x648;&#x632;&#x648;&#x646;&#x629;</subfield>
  </datafield>
  <datafield tag="700" ind1="0" ind2=" ">
    <subfield code="a">Ali Ahmed Abdulrahman</subfield>
    <subfield code="e">thesis advisor.</subfield>
  </datafield>
  <datafield tag="700" ind1="0" ind2=" ">
    <subfield code="a">Ibrahim Baghdadi. Abdul-Moniem</subfield>
    <subfield code="e">thesis advisor.</subfield>
  </datafield>
  <datafield tag="900" ind1=" " ind2=" ">
    <subfield code="b">01-01-2025</subfield>
    <subfield code="c">Ali Ahmed Abdulrahman</subfield>
    <subfield code="c">Ibrahim Baghdadi Abdul-Moniem</subfield>
    <subfield code="U">Cairo University</subfield>
    <subfield code="F">Faculty of Graduate Studies for Statistical Research</subfield>
    <subfield code="D">Department of Mathematical Statistics </subfield>
  </datafield>
  <datafield tag="905" ind1=" " ind2=" ">
    <subfield code="a">Shimaa</subfield>
  </datafield>
  <datafield tag="942" ind1=" " ind2=" ">
    <subfield code="2">ddc</subfield>
    <subfield code="c">TH</subfield>
    <subfield code="e">21</subfield>
    <subfield code="n">0</subfield>
  </datafield>
  <datafield tag="999" ind1=" " ind2=" ">
    <subfield code="c">179893</subfield>
  </datafield>
  <datafield tag="952" ind1=" " ind2=" ">
    <subfield code="2">ddc</subfield>
    <subfield code="9">317513</subfield>
    <subfield code="a">CUCL</subfield>
    <subfield code="b">cl210</subfield>
    <subfield code="d">2026-05-02</subfield>
    <subfield code="i">93943</subfield>
    <subfield code="o">Cai01.18.03.Ph.D.2025.Mo.G</subfield>
    <subfield code="p">01010110093943000</subfield>
    <subfield code="r">2026-05-02 19:23:29</subfield>
    <subfield code="w">2026-05-02</subfield>
    <subfield code="y">TH</subfield>
  </datafield>
</record>
